ბათუმის შოთა რუსთაველის სახელმწიფო უნივერსიტეტის ბიბლიოთეკა

რჩეული ლირიკა = Selected verse / (ბიბ.ჩანაწერი № 54909)

000 -ლიდერი
ფიქსირებული სიგრძის საკონტროლო ველი 01286nam a2200265Ia 4500
001 - საკონტროლო ნომერი
საკონტროლო ველი 21980
003 - საკონტროლო ნომრის იდენტიფიკატორი
საკონტროლო ველი GE_BSU
005 - ბოლო ოპერაციის თარიღი და დრო
საკონტროლო ველი 20220921121811.0
008 - ფიქსირებული სიგრძის მონაცემთა ელემენტები - ზოგადი ინფორმაცია
ფიქსირებული სიგრძის საკონტროლო ველი 181216s2005||||ge |||||||||||||| ||geo||
020 ## - წიგნის საერთაშორისო სტანდარტული ნომერი
International Standard Book Number 99940-16-84-9
040 ## - კატალოგიზაციის წყარო
Transcribing agency GE_BSU
041 ## - ენის კოდი
Language code of text/sound track or separate title geo
080 ## - უნივერსალური ათობითი კლასიფიკაციის ინდექსი
Universal Decimal Classification number 821.111(73)-1 დ-47
100 ## - მთავარი ჩანაწერი - პიროვნების სახელი
Personal name დიკინსონი, ემილი
9 (RLIN) 14659
245 ## - ცნობა სათაურის შესახებ
Title რჩეული ლირიკა = Selected verse /
Statement of responsibility, etc ემილი დიკინსონი ; მთარგმნ. : დავით ახალაძე და სხვ. ; რედაქტორ-შემდგენელი მანანა ჭაბაშვილი ; რედ. ნინო ჭუმბურიძე.
264 ## - წარმოების, გამოცემის, დისტრიბუციის და სხვა ცნობები
გამოცემის, წარმოების, დისტრიბუციის... ადგილი თბილისი :
გამოცემის, წარმოების, დისტრიბუციის... სახელწოდება დიოგენე,
გამოცემის, წარმოების, დისტრიბუციის... თარიღი 2005.
300 ## - ფიზიკური აღწერა
Extent 161გვ. ;
Dimensions 20 სმ.
546 ## - LANGUAGE NOTE
Language note ტექსტი ქართულ და ინგლისურ ენებზე
653 ## - INDEX TERM--UNCONTROLLED
Uncontrolled term ლიტერატურა
653 ## - INDEX TERM--UNCONTROLLED
Uncontrolled term რჩეული ლირიკა = Selected verse
700 ## - ADDED ENTRY--PERSONAL NAME
Personal name ახალაძე, დავით
Relator term მთარგმნელი
9 (RLIN) 12605
700 ## - ADDED ENTRY--PERSONAL NAME
Personal name ჭუმბურიძე, ნინო
Relator term რედაქტორი
9 (RLIN) 2131
942 ## - ADDED ENTRY ELEMENTS (KOHA)
Koha item type წიგნი
Source of classification or shelving scheme
ეგზემპლარები
ჩამოწერის სტატუსი დაკარგული ეგზემპლარის სტატუსი კლასიფიკაციის წყარო ან თაროზე გაწყობის სქემა დაზიანების სტატუსი არ გაიცემა მუდმივი მდებარეობა (დაცვის ადგილი) ამჟამინდელი ადგილსამყოფელი თაროზე განთავსების ადგილი შეძენის თარიღი ღირებულება, შესყიდვის ნორმალური ფასი სრული შენახვის შიფრი შტრიხკოდი ბოლო ოპერაციის თარიღი ეგზემპლარის მიმდევრობითი ნომერი (კეტერი?) ფასის ძალაში შესვლის თარიღი ეგზემპლარის სახეობა საჯარო შენიშვნა
          ბათუმის შოთა რუსთაველის სახელმწიფო უნივერსიტეტის მთავარი ბიბლიოთეკა ბათუმის შოთა რუსთაველის სახელმწიფო უნივერსიტეტის მთავარი ბიბლიოთეკა წიგნსაცავი 2018-12-17 6.00 821.111(73)-1 დ-47 56717 2018-12-17 56717 2018-12-17 წიგნი 6.00 ₾.